000 01543nam a2200313Ia 4500
999 _c53517
_d53517
001 20563
003 GE_BSU
005 20210220224042.0
008 181216s2010||||ge |||||||||||||| ||geo||
020 _a99940-0-503-0
040 _cGE_BSU
041 _ageo
080 _a616.1/.9 ბ-97
100 _aბურკაძე, გ.
_910167
245 _aზოგადი პათოლოგიის საფუძვლები: ჰისტოპათოლოგია, ციტოპათოლოგია, მოლეკულური პათოლოგია :
_bსახელმძღვ. /
_cგ. ბურკაძე, გ. ტურაშვილი ; რედ. რამაზ ჩიხლაძე.
264 _aთბილისი :
_bზეკარი,
_c2010.
300 _a375 გვ. :
_b ცხრ., ილ. ;
_c29 სმ.
500 _aანბ. საძიებელი : გვ. 372-375
504 _a ბიბლიოგრ. : გვ. 363-364
541 _h29ლ.20თ.
653 _aზოგადი პათოლოგიის საფუძვლები
653 _aჰისტოპათოლოგია
653 _a ციტოპათოლოგია
653 _aმოლეკულური პათოლოგია
653 _aმედიცინა
700 _aტურაშვილი, გ.
_eავტორი
_910168
700 _aჩიხლაძე, რამაზ
_eრედაქტორი
_93256
942 _cBK
_2udc